Nachbarländer, die den gleichen Anfangsbuchstaben haben - Statistiken

Allgemein
  • Dieses Quiz wurde 89 mal gespielt
  • Das Durchschnittsergebnis liegt bei 12 aus 25
Antwortstatistiken
Buchstabe Antwort % Korrekt
M Mali
71%
M Mauretanien
71%
M Marokko
62%
L Lettland
59%
L Litauen
59%
I Irak
56%
I Iran
56%
G Guinea
55%
G Guinea-Bissau
53%
A Armenien
52%
A Aserbaidschan
50%
N Niger
50%
B Brasilien
48%
N Nigeria
48%
B Bolivien
47%
S Sambia
45%
S Simbabwe
45%
S Sudan
41%
S Südsudan
41%
M Mosambik
35%
B Benin
33%
B Burkina Faso
33%
M Malawi
30%
K Kasachstan
24%
K Kirgisistan
24%
Keine übereinstimmenden Quizze gefunden
Verteilung der Resultate
Anzahl Personen mit jedem Resultat
Perzentil nach korrekt beantworteten Fragen
Ihre Resultats-Entwicklung
Sie haben dieses Quiz noch nicht gespielt